LEADER 00968nam a2200193 4500 001 000000339188 003 CaOOAMICUS 005 20200203113420.0 008 200203s1846 it a 000 u ita r 040 $aSeMil$bita 245 00$a17: PAA-PIV. 264 1$aFirenze :$bPer V. Batelli e figli,$c1846. 300 $a941 p., [1] c. di tav. ripieg. :$c24 cm 773 0 $tDizionario delle scienze naturali nel quale si tratta metodicamente dei differenti esseri della natura, ... accompagnato da una biografia de' più celebri naturalisti, opera utile ai medici, agli agricoltori, ai mercanti, agli artisti, ai manifattori, ....$dFirenze : Per V. Batelli e figli, 1830-1851.$g17$w()339157 850 $aSeMil 852 $aSeMil$W1$xVenegono$y1$m3XB II 21 FA$j218362$B230304$CSeMilBibl$Z2$F230304 $8I 996 $6245$a17: PAA-PIV$9(OLS)http://semarc/title/427986 996 $6264$aFirenze :$bPer V. Batelli e figli$9(OLS)http://semarc/publisher/58818 LEADER 00554nam a2200169 i 4500 001 000000180527 003 CaOOAMICUS 005 20090714000000.0 008 090714s1911 it u000 u fre u 013 $a158175 040 $aSeMil$bita 245 10$aTome premier. 300 $aXXXIV, 487 p. 773 0 $aGoyau, Georges <1869-1939>$tBismarck et l'Église.$dParis : Perrin, 1911-1913.$w()21697 850 $aSeMil 852 $aSeMil$W1$xVenegono$y1$m3C I 80$j131275$B131275$CSeMilBibl$Z2$F143157 $81 996 $6245$aTome premier$9(OLS)http://semarc/title/14439